| Tag |
First Indicator |
Second Indicator |
Subfields |
| LEADER |
00000cam a2200000 i 4500 |
| 001 |
in00000079061 |
| 005 |
20151008055219.0 |
| 008 |
790419s1875 fr 00010 fre d |
| 035 |
|
|
|a (OCoLC)04873803
|
| 035 |
|
|
|9 AAJ2847AM
|
| 040 |
|
|
|a YGM
|c YGM
|d m.c.
|d TXA
|d UtOrBLW
|
| 049 |
|
|
|a TXAM
|v 1 [1655069],
|v 2 [1655070],
|v 3 [1655071]
|
| 090 |
|
|
|a B2358
|b .L8 1875
|
| 100 |
1 |
|
|a Renouvier, Charles,
|d 1815-1903.
|
| 245 |
1 |
0 |
|a Traite de logique general et de logique formelle /
|c par Ch. Renouvier.
|
| 250 |
|
|
|a 2. ed., revue et considerablement augmentee.
|
| 264 |
|
1 |
|a Paris :
|b Bureau de la Critique Philosophique,
|c 1875.
|
| 300 |
|
|
|a 3 volumes ;
|c 19 cm.
|
| 336 |
|
|
|a text
|b txt
|2 rdacontent
|
| 337 |
|
|
|a unmediated
|b n
|2 rdamedia
|
| 338 |
|
|
|a volume
|b nc
|2 rdacarrier
|
| 490 |
1 |
|
|a Essais de critique generale ; 1
|
| 650 |
|
0 |
|a Logic.
|
| 650 |
|
0 |
|a Knowledge, Theory of.
|
| 830 |
|
0 |
|a Essais de critique generale ;
|v 1.
|
| 999 |
|
|
|a MARS
|
| 999 |
f |
f |
|s 0637323d-b814-33b8-bbb6-0b83be694cb6
|i ae95709c-6be5-3883-a430-6edb01057d7c
|t 0
|
| 952 |
f |
f |
|p 7_day
|a Texas A&M University
|b College Station
|c Sterling C. Evans Library
|s Evans pres repr
|d Evans: Preservation Repair (see AskUs desk for assistance)
|t 0
|e B2358 .L8 1875
|h Library of Congress classification
|i unmediated -- volume
|k t.2
|m A14806081792
|
| 952 |
f |
f |
|p 7_day
|a Texas A&M University
|b College Station
|c Sterling C. Evans Library
|s Evans pres repr
|d Evans: Preservation Repair (see AskUs desk for assistance)
|t 0
|e B2358 .L8 1875
|h Library of Congress classification
|i unmediated -- volume
|k t.1
|m A14806081784
|
| 952 |
f |
f |
|p 7_day
|a Texas A&M University
|b College Station
|c Sterling C. Evans Library
|s Evans pres repr
|d Evans: Preservation Repair (see AskUs desk for assistance)
|t 0
|e B2358 .L8 1875
|h Library of Congress classification
|i unmediated -- volume
|k t.3
|m A14806081807
|
| 998 |
f |
f |
|a B2358 .L8 1875
|s v.1-v.3
|t 0
|l Evans: Library Stacks
|